000 00414nam a2200145Ia 4500
008 130318s9999 xx 000 0 und d
020 _a9788131723050
082 _a005.8 BHA/C
100 _aBhaiji, Yusuf
245 _aCCIE professional developement network technologies and solutions
260 _bPearson Education
_aNew Delhi
_c2008
300 _a792
650 _aCOMPUTER SECURITY
650 _aNETWORK SECURITY
999 _c2460
_d2460